Hunderṭ soneṭen. (Record no. 32736)

MARC details
000 -LEADER
fixed length control field 01164cam a22002291i 4500
001 - CONTROL NUMBER
control field he 67002139
003 - CONTROL NUMBER IDENTIFIER
control field DLC
005 - DATE AND TIME OF LATEST TRANSACTION
control field 20260227111451.0
008 - FIXED-LENGTH DATA ELEMENTS--GENERAL INFORMATION
fixed length control field 861027s1920 au 000 0 yid
010 ## - LIBRARY OF CONGRESS CONTROL NUMBER
LC control number he 67002139
035 ## - SYSTEM CONTROL NUMBER
System control number (OCoLC)19308967
040 ## - CATALOGING SOURCE
Original cataloging agency DLC
Transcribing agency MH
Modifying agency DLC
050 00 - LIBRARY OF CONGRESS CALL NUMBER
Classification number PJ5129.K545
Item number H8
100 1# - MAIN ENTRY--PERSONAL NAME
Personal name Konigsberg, David.
245 10 - TITLE STATEMENT
Title Hunderṭ soneṭen.
260 ## - PUBLICATION, DISTRIBUTION, ETC.
Place of publication, distribution, etc. Ṿin :
Name of publisher, distributor, etc. Ḳṿal-farlag,
Date of publication, distribution, etc. 681 (1920 or 1921)
300 ## - PHYSICAL DESCRIPTION
Extent 106 p. ;
Dimensions 16 cm.
561 ## - OWNERSHIP AND CUSTODIAL HISTORY
Institution to which field applies DLC
710 2# - ADDED ENTRY--CORPORATE NAME
Corporate name or jurisdiction name as entry element Jewish Cultural Reconstruction, Inc. (New York, N.Y.)
Institution to which field applies DLC
710 2# - ADDED ENTRY--CORPORATE NAME
Corporate name or jurisdiction name as entry element Holocaust-Era Judaic Heritage Library (Library of Congress. Hebraic Section)
Institution to which field applies DLC
752 ## - ADDED ENTRY--HIERARCHICAL PLACE NAME
Country or larger entity Austria
City Vienna

No items available.

Powered by Koha